Estudio anatómico de Bostryx avellanedae (Doering, 1881). comb. nov., gasterópodo terrestre endémico de las sierras sudbonaerenses (Stylommatophora: Orthalicidae) /
Guardado en:
| Autor Principal: | |
|---|---|
| Autor Corporativo: | |
| Otros Autores: | |
| Formato: | Manuscrito |
| Idioma: | Spanish |
| Publicado: |
2007.
|
| Materias: | |
| Etiquetas: |
Agregar Etiqueta
Sin Etiquetas, Sea el primero en etiquetar este registro!
|
| LEADER | 01078ntm a22002415a 4500 | ||
|---|---|---|---|
| 001 | EUN.eunm001754 | ||
| 008 | 080424s2007####ag#a#####b####000#0#spa#d | ||
| 005 | 20251008135411.0 | ||
| 245 | 1 | 0 | |a Estudio anatómico de Bostryx avellanedae (Doering, 1881). comb. nov., gasterópodo terrestre endémico de las sierras sudbonaerenses (Stylommatophora: Orthalicidae) / |c Natalia S. Ghezzi ; Néstor J. Cazzaniga, director. |
| 260 | |c 2007. | ||
| 300 | |a 36 h. : |b il. ; |c 30 cm. | ||
| 502 | |a Tesina (licenciatura)--Universidad Nacional del Sur. Departamento de Biología, Bioquímica y Farmacia, 2007. | ||
| 504 | |a Incluye referencias bibliográficas. | ||
| 100 | 1 | |a Ghezzi, Natalia S. | |
| 700 | 1 | |a Cazzaniga, Néstor J. |q (Néstor Jorge) | |
| 710 | 2 | |a Universidad Nacional del Sur. |b Departamento de Biología, Bioquímica y Farmacia. | |
| 082 | 0 | 4 | |a 594.3 |2 15 |
| 650 | 7 | |a Zoología. |2 unbist | |
| 650 | 7 | |a Gastropoda |2 icyt | |
| 653 | |a Caracoles | ||
| 653 | |a Tesinas | ||
| 653 | |a Buenos Aires (Argentina : Provincia) | ||
| 859 | |a AR-BaUNS |b BIB. CENTRAL - Sector A |h 594.3 |i G343 |p 129093/025 |t Ej.2 | ||
